LEADER 00990nam a2200265 i 4500 001 000000151897 003 CaOOAMICUS 005 20060717000000.0 008 060717s1959 it u000 u ita u 013 $a129238 040 $aSeMil$bita 100 1 $aHamsun, Knut,$d<1859-1952>.$0(OLS)http://semarc/name/54311 245 10$aMisteri :$bromanzo /$cdi Knut Hamsun, tradotto dal norvegese da L. F. P. 250 $aRistampa stereotipa. 260 $aMilano :$bSonzogno,$cstampa 1959. 300 $a310 p. ;$c18 cm. 490 0 $aCollezione dei grandi autori ;$v27 500 $aFondo Ciprandi. 830 0$aCollezione dei grandi autori ;$v27.$0(OLS)http://semarc/title/20371 850 $aSeMil 852 $aSeMil$W1$xVenegono$y1$m1V II 210$j103876$B103876$CSeMilBibl$Z2$F112923 $81 941 1 $a1 961 $aOmaggio: Ciprandi dott. Paolo 996 $6245$aMisteri :$bromanzo$9(OLS)http://semarc/title/222020 996 $6260$aMilano :$bSonzogno$9(OLS)http://semarc/publisher/31743 LEADER 00554nab a2200145 i 4500 001 000000274099 003 CaOOAMICUS 005 20101111000000.0 008 101111n xx uu u0 0und r 013 $a22559 040 $aSeMil$bita 245 10$aDieci anni per "educare". - 16 p. - Titolo principale dalla prima pagina. 500 $a7 novembre 2010. 773 0 $t[2010 : Luglio-Dicembre].$dBologna : Centro Editoriale Dehoniano, 2010.$w()190843 996 $6245$aDieci anni per "educare". - 16 p. - Titolo principale dalla prima pagina.$9(OLS)http://semarc/title/360907